Statistics for Equestrian 4* Eventing Champions

Click here to take the quiz!

General Stats

  • This quiz has been taken 21 times
  • The average score is 13 of 38

Answer Stats

Answer% Correct
Mark Todd
84%
William Fox-Pitt
84%
Andrew Nicholson
79%
Mary King
79%
Mary Thomson
79%
Michael Jung
74%
Pippa Funnell
74%
Oliver Townend
63%
Lucinda Green
53%
Lucinda Prior-Palmer
53%
Capt Mark Phillips
47%
Caroline Powell
42%
Clayton Fredericks
42%
Jonathan Paget
42%
Lucinda Fredericks
42%
Rodney Powell
42%
Sam Griffiths
42%
Blyth Tait
32%
Andrew Hoy
26%
Christopher Burton
26%
Karen O'Connor
26%
Kim Severson
26%
Paul Tapner
26%
Bruce Davidson
21%
David O'Connor
21%
Ginny Holgate
21%
Ginny Leng
21%
Ian Stark
21%
Phillip Dutton
16%
Nicolas Touzaint
11%
Charlotte Hollingsworth
5%
Christopher Bartle
5%
Nick Larkin
5%
Nicola McIrvine
5%
Richard Meade
5%
Richard Walker
5%
Jane Thelwell
0%
Stephen Bradley
0%

Score Distribution

Percentile by Number Answered

Percent of People with Each Score

Your Score History

You have not taken this quiz